| 000 | 01072nam a2200337 u 4500 | ||
|---|---|---|---|
| 001 | 000061725 | ||
| 005 | 20200120224113.0 | ||
| 008 | 140707s2013 ag gr| 000 p por d | ||
| 020 | _a9789871923151 (Argentina) | ||
| 020 | _a9788492857999 (España) | ||
| 020 | _a9789583802102 (Colombia) | ||
| 041 | 0 |
_aAspa _hpor |
|
| 043 | _aa-g---- | ||
| 082 | 0 | 4 | _221 |
| 090 |
_aAP _bMORVa |
||
| 100 | 1 |
_aMoraes, Vinicius de _d1913-1980 |
|
| 245 | 1 | 0 |
_aAntología sustancial : _bde poemas y canciones / _cMoraes, Vinicius de ; traducción Cristian de Nápoli. |
| 250 | _a1 ed. | ||
| 260 |
_aBuenos Aires : _bAdriana Hidalgo, _c2013. |
||
| 300 |
_a394 p. ; _c23 cm. |
||
| 490 | 0 | _aLeer es mi cuento | |
| 500 | _aIncluye índice | ||
| 500 | _aIncluye cronología | ||
| 504 | _aIncluye bibliografía | ||
| 650 | 1 | 7 |
_aAmor en la literatura _2LEMB |
| 650 | 2 | 7 |
_aMujeres en la literatura _2LEMB |
| 650 | 2 | 7 |
_aAnimales en la literatura _2LEMB |
| 650 | 2 | 7 |
_aPoesía brasileña _ySiglo XX _2LEMB |
| 650 | 2 | 7 |
_aLiteratura adulto _2LEMB |
| 700 | 1 |
_aNápoli, Cristian de _etraductor |
|
| 999 |
_c8015 _d8015 |
||